000 00610nam a22002297a 4500
003 UA-OsUOA
001 63954
007 ta
008 20091026b un ||||| |||| 00| 0 ukr d
100 _aГлухенький М.
090 _a821.161.2
_bГ55
942 _cBK
040 _aUA-OsUOA
_bukr
_cUA-OsUOA
_dUA-OsUOA
245 _aКоліївщина
_bІсторичний роман
300 _a393 с.
955 _a3
041 _aukr
080 _a821.161.2
260 _aК.
_bДніпро
_c1989
650 7 _a82 Література. Літературознавство
_2UDC
999 _c350028
_d350028